[Event "RUS-chT U14 Girls"]
[Site "Sochi"]
[Date "2016.05.03"]
[Round "3.1"]
[White "Bondareva, Daria"]
[Black "Bezenkina, Ekaterina"]
[Result "1-0"]
[WhiteElo "1601"]
[BlackElo "1380"]
[PlyCount "51"]
[EventDate "2016.05.01"]
[EventType "team-tourn"]
[EventRounds "10"]
[EventCountry "RUS"]
[SourceTitle "EXT 2018"]
[Source "ChessBase"]
[SourceDate "2017.10.13"]
[SourceVersion "1"]
[SourceVersionDate "2017.10.13"]
[SourceQuality "1"]

1. e4 c5 2. d4 cxd4 3. c3 dxc3 4. Nxc3 g6 5. Nf3 Bg7 6. Bc4 e6 7. Nb5 Nf6 8. Nd6+ Ke7 9. 0-0 Nc6 10. Bf4 a6 11. e5 Nh5 12. Bg5+ f6 13. exf6+ Bxf6 14. Bxf6+ Nxf6 15. Qd2 Qc7 16. Rad1 b5 17. Qh6 Rg8 18. Be2 Bb7 19. Qh4 Raf8 20. Ne4 Rg7 21. Nxf6 Rxf6 22. Ng5 Rf4 23. Qh6 Kf6 24. Nxh7+ Kf7 25. Rxd7+ Qxd7 26. Qxf4+ 1-0